| 000 | 00564nam a2200181Ia 4500 | ||
|---|---|---|---|
| 008 | 151018s9999 xx 000 0 und d | ||
| 082 |
_bRBASDV32752 _a891.434 |
||
| 100 | _aविभा रानी | ||
| 245 | _aबंद कमरे का कोरस | ||
| 250 | _b1 | ||
| 260 |
_bराधाकृष्ण _c1995 |
||
| 300 | _a136 | ||
| 600 | _aविभा रानी | ||
| 630 | _aबंद कमरे का कोरस | ||
| 700 | _aविभा रानी | ||
| 730 | _aबंद कमरे का कोरस | ||
| 942 | _cBOOK | ||
| 999 |
_c1032271 _d1032268 |
||